[Event "Cali Region-ch (Women)"]
[Site "Cali"]
[Date "2017.05.01"]
[Round "7"]
[White "Mesa, Brenda Sofia"]
[Black "Argote Heredia, Valentina"]
[Result "0-1"]
[WhiteElo "1802"]
[BlackElo "1960"]
[PlyCount "44"]
[EventDate "2017.04.28"]
[EventType "swiss"]
[EventRounds "7"]
[EventCountry "COL"]
[SourceTitle "CBM 178 Extra"]
[Source "ChessBase"]
[SourceDate "2017.06.22"]
[SourceVersion "1"]
[SourceVersionDate "2017.06.22"]
[SourceQuality "1"]

1. e4 c5 2. Nf3 d6 3. d4 cxd4 4. Nxd4 Nf6 5. Nc3 a6 6. f3 e6 7. Be3 b5 8. Qd2 Bb7 9. g4 h6 10. h4 Nbd7 11. Qf2 Rc8 12. a3 Rxc3 13. bxc3 Qc7 14. Qd2 d5 15. Bg2 dxe4 16. g5 exf3 17. Bxf3 Bxf3 18. Nxf3 Ne4 19. Qd4 Qg3+ 20. Ke2 Qg2+ 21. Bf2 Ng3+ 22. Kd2 Nxh1 0-1

[Event "Cali Region-ch (Women)"]
[Site "Cali"]
[Date "2017.04.29"]
[Round "3"]
[White "Mesa, Brenda Sofia"]
[Black "Cardoso Cardoso, Jaidy Marcela"]
[Result "0-1"]
[WhiteElo "1802"]
[BlackElo "1712"]
[PlyCount "32"]
[EventDate "2017.04.28"]
[EventType "swiss"]
[EventRounds "7"]
[EventCountry "COL"]
[SourceTitle "CBM 178 Extra"]
[Source "ChessBase"]
[SourceDate "2017.06.22"]
[SourceVersion "1"]
[SourceVersionDate "2017.06.22"]
[SourceQuality "1"]

1. e4 g6 2. d4 Bg7 3. Nc3 d5 4. e5 Nc6 5. Nf3 Nh6 6. Bf4 Bg4 7. Be2 Nf5 8. h3 Bxf3 9. Bxf3 e6 10. Ne2 f6 11. exf6 Bxf6 12. c3 Qe7 13. Qb3 Rb8 14. Bg4 Nd6 15. 0-0-0 Kf7 16. Kb1 b5 0-1

[Event "Santiago de Cali op"]
[Site "Cali"]
[Date "2016.12.27"]
[Round "2"]
[White "Mesa, Brenda Sofia"]
[Black "Rios, Cristhian Camilo"]
[Result "0-1"]
[WhiteElo "1805"]
[BlackElo "2482"]
[PlyCount "68"]
[EventDate "2016.12.26"]
[EventType "swiss"]
[EventRounds "8"]
[EventCountry "COL"]
[SourceTitle "EXT 2018"]
[Source "ChessBase"]
[SourceDate "2017.10.13"]
[SourceVersion "1"]
[SourceVersionDate "2017.10.13"]
[SourceQuality "1"]

1. e4 c5 2. Nf3 e6 3. d3 d5 4. Nbd2 Nc6 5. g3 Bd6 6. Bg2 Nge7 7. 0-0 0-0 8. Re1 Qc7 9. Qe2 f6 10. Nf1 Kh8 11. h4 b5 12. Ne3 Nd4 13. Nxd4 cxd4 14. Ng4 e5 15. Nh2 dxe4 16. dxe4 Be6 17. Qd1 Rac8 18. Re2 Rfd8 19. b3 Nc6 20. a3 d3 21. cxd3 Nd4 22. Rb2 Qc3 23. Rbb1 Nxb3 24. Bb2 Qc2 25. Ra2 Nd2 26. Rc1 Qxd1+ 27. Rxd1 Rc2 28. Bc1 Rxa2 29. Bxd2 Bxa3 30. Be3 b4 31. Nf3 b3 32. Bf1 b2 33. Rb1 Ra1 34. Nd2 Ba2 0-1

[Event "COL-ch U16 Girls"]
[Site "Bogota"]
[Date "2014.06.02"]
[Round "7"]
[White "Mesa, Brenda Sofia"]
[Black "Gutierrez, Maria Isabel"]
[Result "1-0"]
[WhiteElo "1827"]
[BlackElo "1506"]
[PlyCount "33"]
[EventDate "2014.05.29"]
[EventType "swiss"]
[EventRounds "7"]
[EventCountry "COL"]
[SourceTitle "CBM 160 Extra"]
[Source "ChessBase"]
[SourceDate "2014.07.01"]
[SourceVersion "1"]
[SourceVersionDate "2014.07.01"]
[SourceQuality "1"]

1. e4 e5 2. Nf3 Nc6 3. Bb5 Nge7 4. c3 a6 5. Ba4 b5 6. Bb3 g6 7. d4 exd4 8. cxd4 d6 9. Ng5 d5 10. exd5 Nxd5 11. 0-0 Be7 12. Nxf7 Kxf7 13. Qf3+ Ke8 14. Bxd5 Bb7 15. Qf7+ Kd7 16. Be6+ Kd6 17. Bf4+ 1-0

[Event "COL-ch U16 Girls"]
[Site "Bogota"]
[Date "2014.06.01"]
[Round "5"]
[White "Sanchez, Sonia Ximena"]
[Black "Mesa, Brenda Sofia"]
[Result "1/2-1/2"]
[WhiteElo "1643"]
[BlackElo "1827"]
[PlyCount "75"]
[EventDate "2014.05.29"]
[EventType "swiss"]
[EventRounds "7"]
[EventCountry "COL"]
[SourceTitle "CBM 160 Extra"]
[Source "ChessBase"]
[SourceDate "2014.07.01"]
[SourceVersion "1"]
[SourceVersionDate "2014.07.01"]
[SourceQuality "1"]

1. e4 c5 2. Nf3 g6 3. d4 cxd4 4. Nxd4 Nc6 5. Be3 Bg7 6. c4 Nf6 7. Nc3 d6 8. Be2 0-0 9. 0-0 Nxd4 10. Bxd4 Be6 11. b3 a5 12. f3 Nd7 13. Bxg7 Kxg7 14. f4 Qb6+ 15. Kh1 f5 16. Nd5 Bxd5 17. Qxd5 Nc5 18. Qd4+ Kg8 19. exf5 Rxf5 20. Bg4 Rf6 21. Rae1 Qc7 22. Qe3 e6 23. Qh3 Qf7 24. Qg3 Rf8 25. f5 exf5 26. Bf3 Kg7 27. Bd5 Qd7 28. Qc3 b6 29. a3 Ne4 30. Bxe4 fxe4 31. Rxe4 g5 32. Re3 Kg6 33. Qd3+ Kg7 34. Qd4 R8f7 35. Ref3 Qe6 36. Rxf6 Rxf6 37. Rxf6 Qxf6 38. Qxf6+ 1/2-1/2

[Event "COL-ch U20 Girls"]
[Site "Bogota"]
[Date "2014.03.15"]
[Round "5"]
[White "Loaiza, Yurani"]
[Black "Mesa, Brenda Sofia"]
[Result "1-0"]
[WhiteElo "1949"]
[BlackElo "1830"]
[PlyCount "70"]
[EventDate "2014.03.13"]
[EventType "swiss"]
[EventRounds "7"]
[EventCountry "COL"]
[SourceTitle "CBM 159 Extra"]
[Source "ChessBase"]
[SourceDate "2014.04.24"]
[SourceVersion "1"]
[SourceVersionDate "2014.04.24"]
[SourceQuality "1"]

1. e4 c5 2. Nf3 g6 3. c3 Bg7 4. d4 cxd4 5. cxd4 d5 6. exd5 Nf6 7. Bb5+ Nbd7 8. d6 exd6 9. Bf4 0-0 10. Bxd6 Re8+ 11. Be2 Qb6 12. Ba3 Nd5 13. 0-0 N7f6 14. Nc3 Bf5 15. Qd2 Rac8 16. Bc5 Qd8 17. Bb5 Bd7 18. Bd3 b6 19. Ba3 Qc7 20. Rac1 Qf4 21. Qxf4 Nxf4 22. Ba6 Rcd8 23. Bd6 Bh6 24. Bc7 N4d5 25. Nxd5 Nxd5 26. Bxd8 Bxc1 27. Bxb6 Bxb2 28. Bxa7 Nb4 29. Bc4 Ra8 30. Bc5 Nxa2 31. Ng5 Be8 32. Re1 Nc3 33. Rxe8+ Rxe8 34. Bxf7+ Kg7 35. Bxe8 Ne2+ 1-0

[Event "COL-ch U14 Girls"]
[Site "Medellin"]
[Date "2013.04.26"]
[Round "1"]
[White "Mejia Garcia, Michelle"]
[Black "Mesa, Brenda Sofia"]
[Result "0-1"]
[WhiteElo "1988"]
[BlackElo "1810"]
[PlyCount "53"]
[EventDate "2013.04.26"]
[EventType "swiss"]
[EventRounds "7"]
[EventCountry "COL"]
[SourceTitle "EXT 2015"]
[Source "ChessBase"]
[SourceDate "2014.11.20"]
[SourceVersion "1"]
[SourceVersionDate "2014.11.20"]
[SourceQuality "1"]

1. e4 c5 2. Nf3 Nc6 3. d4 cxd4 4. Nxd4 g6 5. Nc3 Bg7 6. Be3 Nf6 7. Bc4 0-0 8. Bb3 Qa5 9. f3 d6 10. Qd2 Nxd4 11. Bxd4 Be6 12. 0-0-0 Bxb3 13. axb3 Qa1+ 14. Nb1 a5 15. Bc3 b5 16. g4 Rfc8 17. g5 b4 18. Bd4 Nd7 19. Bxg7 Nc5 20. Qe3 Kxg7 21. e5 a4 22. bxa4 Rxa4 23. exd6 exd6 24. Rxd6 b3 25. c3 Ra2 26. Qd4+ Kg8 27. Qd2 0-1

[Event "Cali Region-ch U18 Girls"]
[Site "Cali"]
[Date "2013.04.19"]
[Round "1.2"]
[White "Cardoso Cardoso, Jaidy Marcela"]
[Black "Mesa, Brenda Sofia"]
[Result "1-0"]
[WhiteElo "1616"]
[BlackElo "1810"]
[PlyCount "40"]
[EventDate "2013.04.19"]
[EventType "tourn"]
[EventRounds "5"]
[EventCountry "COL"]
[SourceTitle "EXT 2024"]
[Source "ChessBase"]
[SourceDate "2023.10.10"]
[SourceVersion "1"]
[SourceVersionDate "2023.10.10"]
[SourceQuality "1"]

1. d4 Nf6 2. c4 g6 3. Nc3 Bg7 4. e4 d6 5. Nf3 0-0 6. Be2 e5 7. d5 Nbd7 8. Bg5 h6 9. Bh4 g5 10. Bg3 Nc5 11. Qc2 a5 12. Nd2 Nh7 13. 0-0 f5 14. exf5 Bxf5 15. Nde4 Nf6 16. Bd3 Nxd3 17. Qxd3 Nh5 18. Qe2 Nf4 19. Qe3 b6 20. b3 Bd7 1-0

[Event "Cali Region-ch U18 Girls"]
[Site "Cali"]
[Date "2013.04.19"]
[Round "2.2"]
[White "Mesa, Brenda Sofia"]
[Black "Galvis, Selene"]
[Result "1-0"]
[WhiteElo "1810"]
[BlackElo "1799"]
[PlyCount "57"]
[EventDate "2013.04.19"]
[EventType "tourn"]
[EventRounds "5"]
[EventCountry "COL"]
[SourceTitle "EXT 2024"]
[Source "ChessBase"]
[SourceDate "2023.10.10"]
[SourceVersion "1"]
[SourceVersionDate "2023.10.10"]
[SourceQuality "1"]

1. e4 c5 2. Nf3 d6 3. d4 Nf6 4. Nc3 cxd4 5. Nxd4 a6 6. f4 Nc6 7. Nxc6 bxc6 8. e5 dxe5 9. Qxd8+ Kxd8 10. Bc4 exf4 11. Bxf4 e6 12. 0-0-0+ Nd5 13. Na4 Bd7 14. Bxd5 cxd5 15. Nb6 Ra7 16. Be3 Rb7 17. Rd3 Bb5 18. c4 Rc7 19. b3 Bc5 20. Nxd5 Ba3+ 21. Kb1 exd5 22. cxb5 Rd7 23. Rhd1 Re8 24. bxa6 Kc7 25. a7 Kb7 26. Bd4 g6 27. b4 Bxb4 28. Rb3 Ka8 29. Rxb4 1-0

[Event "Cali Region-ch U14 Girls"]
[Site "Cali"]
[Date "2013.04.06"]
[Round "4.1"]
[White "Mesa, Brenda Sofia"]
[Black "Rodriguez, Sofia"]
[Result "1/2-1/2"]
[WhiteElo "1810"]
[BlackElo "1822"]
[PlyCount "60"]
[EventDate "2013.04.04"]
[EventType "swiss"]
[EventRounds "6"]
[EventCountry "COL"]
[SourceTitle "EXT 2024"]
[Source "ChessBase"]
[SourceDate "2023.10.10"]
[SourceVersion "1"]
[SourceVersionDate "2023.10.10"]
[SourceQuality "1"]

1. e4 c5 2. Nf3 d6 3. d4 cxd4 4. Nxd4 Nf6 5. Nc3 a6 6. f4 e5 7. Nf3 Nc6 8. fxe5 Nxe5 9. Nxe5 dxe5 10. Qxd8+ Kxd8 11. Be3 Bb4 12. 0-0-0+ Ke7 13. Nd5+ Nxd5 14. Rxd5 f6 15. c3 Bd6 16. Bb6 Be6 17. Rd2 Bxa2 18. Be2 Rac8 19. Rhd1 Rc6 20. Be3 Bb3 21. Rf1 Rd8 22. g4 Bc5 23. Bxc5+ Rxc5 24. Rxd8 Kxd8 25. Bd1 Bxd1 26. Rxd1+ Ke7 27. Kd2 Rc4 28. Kd3 Ra4 29. Rd2 b5 30. b4 Ra1 1/2-1/2

[Event "Valle Region-ch U20 Girls"]
[Site "Cali"]
[Date "2013.02.22"]
[Round "1.3"]
[White "Mesa, Brenda Sofia"]
[Black "Viveros Torres, Erica Johana"]
[Result "1-0"]
[WhiteElo "1810"]
[BlackElo "1501"]
[PlyCount "47"]
[EventDate "2013.02.22"]
[EventType "swiss"]
[EventRounds "5"]
[EventCountry "COL"]
[SourceTitle "EXT 2024"]
[Source "ChessBase"]
[SourceDate "2023.10.10"]
[SourceVersion "1"]
[SourceVersionDate "2023.10.10"]
[SourceQuality "1"]

1. e4 e5 2. Nf3 Nc6 3. Bb5 Bc5 4. c3 Nge7 5. d4 exd4 6. cxd4 Bb4+ 7. Bd2 Bxd2+ 8. Nbxd2 d5 9. 0-0 0-0 10. e5 Bg4 11. Qc2 a6 12. Bd3 Ng6 13. h3 Nb4 14. Qb3 Nxd3 15. Qxd3 Be6 16. Qe3 f5 17. Ng5 f4 18. Nxe6 fxe3 19. Nxd8 exf2+ 20. Rxf2 Rxf2 21. Kxf2 Rxd8 22. Kg3 Rf8 23. Rf1 Rxf1 24. Nxf1 1-0

[Event "Valle Region-ch U20 Girls"]
[Site "Cali"]
[Date "2013.02.22"]
[Round "2.2"]
[White "Rodriguez, Sofia"]
[Black "Mesa, Brenda Sofia"]
[Result "0-1"]
[WhiteElo "1822"]
[BlackElo "1810"]
[PlyCount "57"]
[EventDate "2013.02.22"]
[EventType "swiss"]
[EventRounds "5"]
[EventCountry "COL"]
[SourceTitle "EXT 2024"]
[Source "ChessBase"]
[SourceDate "2023.10.10"]
[SourceVersion "1"]
[SourceVersionDate "2023.10.10"]
[SourceQuality "1"]

1. e4 c5 2. Nf3 Nc6 3. d4 cxd4 4. Nxd4 g6 5. Nc3 Bg7 6. Be3 Nf6 7. Bc4 0-0 8. Bb3 Qa5 9. 0-0 d6 10. h3 Bd7 11. Kh1 Rad8 12. f4 Nxd4 13. Bxd4 Bc6 14. Nd5 Bxd5 15. exd5 Rfe8 16. Bc3 Qc7 17. Qe2 Nh5 18. Qe1 Bxc3 19. bxc3 Rc8 20. Rf3 Nf6 21. Re3 b5 22. Qe2 a6 23. Re1 Kf8 24. a4 bxa4 25. Bxa4 Nxd5 26. Bxe8 Nxe3 27. Bxf7 Nxg2 28. Kxg2 Kxf7 29. Qe4 0-1

[Event "Latin Cup-B U14 3rd"]
[Site "Cali"]
[Date "2012.10.09"]
[Round "9"]
[White "Rodriguez, Sofia"]
[Black "Mesa, Brenda Sofia"]
[Result "1-0"]
[WhiteElo "1823"]
[BlackElo "1818"]
[PlyCount "41"]
[EventDate "2012.10.04"]
[EventType "swiss"]
[EventRounds "9"]
[EventCountry "COL"]
[SourceTitle "EXT 2013"]
[Source "ChessBase"]
[SourceDate "2012.11.22"]
[SourceVersion "1"]
[SourceVersionDate "2012.11.22"]
[SourceQuality "1"]

1. e4 c5 2. Nf3 Nc6 3. d4 cxd4 4. Nxd4 g6 5. Nc3 Bg7 6. Be3 Nf6 7. Bc4 0-0 8. Bb3 Qa5 9. 0-0 d6 10. h3 Bd7 11. Kh1 Nxd4 12. Bxd4 Bc6 13. Nd5 Bxd5 14. exd5 Qc7 15. Re1 a5 16. a3 a4 17. Ba2 b5 18. Bc3 Rfe8 19. Re3 Bh6 20. Re2 Bg7 21. Qe1 1-0

[Event "Valle Region-ch qual 3"]
[Site "Cali"]
[Date "2012.04.01"]
[Round "7.6"]
[White "Mesa, Brenda Sofia"]
[Black "Yate Baron, Andres Steven"]
[Result "0-1"]
[WhiteElo "1800"]
[BlackElo "1671"]
[PlyCount "68"]
[EventDate "2012.03.30"]
[EventType "swiss"]
[EventRounds "7"]
[EventCountry "COL"]
[SourceTitle "EXT 2024"]
[Source "ChessBase"]
[SourceDate "2023.10.10"]
[SourceVersion "1"]
[SourceVersionDate "2023.10.10"]
[SourceQuality "1"]

1. e4 c5 2. Nf3 d6 3. d4 cxd4 4. Nxd4 Nf6 5. Nc3 a6 6. f4 e5 7. Nf3 Qc7 8. Be3 b5 9. Bd3 Bb7 10. a3 Nbd7 11. 0-0 Nc5 12. fxe5 dxe5 13. Nd2 Rd8 14. Qe2 Be7 15. Rf3 Ne6 16. Nb3 Nd4 17. Bxd4 exd4 18. Nd1 0-0 19. Rg3 Bd6 20. Rh3 Rfe8 21. Nf2 Bc8 22. Rf3 Bxh2+ 23. Kf1 Ng4 24. Nh3 Bg3 25. Qd2 Nh2+ 26. Ke2 Nxf3 27. Kxf3 f5 28. Qg5 fxe4+ 29. Bxe4 Bb7 30. Bxb7 Re3+ 31. Kg4 Qd7+ 32. Qf5 h5+ 33. Kg5 Bh4+ 34. Kg6 Qe8+ 0-1

[Event "Valle Region-ch qual 3"]
[Site "Cali"]
[Date "2012.03.31"]
[Round "4.6"]
[White "Mesa, Brenda Sofia"]
[Black "Norena, Wilder"]
[Result "0-1"]
[WhiteElo "1800"]
[BlackElo "1511"]
[PlyCount "92"]
[EventDate "2012.03.30"]
[EventType "swiss"]
[EventRounds "7"]
[EventCountry "COL"]
[SourceTitle "EXT 2024"]
[Source "ChessBase"]
[SourceDate "2023.10.10"]
[SourceVersion "1"]
[SourceVersionDate "2023.10.10"]
[SourceQuality "1"]

1. e4 e5 2. Nf3 Nc6 3. Bb5 a6 4. Ba4 Nf6 5. 0-0 Be7 6. c3 b5 7. Bb3 d6 8. h3 0-0 9. Re1 Na5 10. Bc2 c5 11. d4 Qc7 12. dxe5 dxe5 13. Nbd2 Rd8 14. Qe2 Bf8 15. Nf1 g6 16. Bg5 Bg7 17. Ne3 Bb7 18. Rad1 Rxd1 19. Rxd1 Nxe4 20. Bxe4 Bxe4 21. Nd5 Bxd5 22. Rxd5 f6 23. Be3 Nb7 24. Qd2 Rd8 25. Rxd8+ Qxd8 26. Qxd8+ Nxd8 27. Bxc5 Ne6 28. Bb4 Nf4 29. a4 Nd3 30. Ba3 bxa4 31. Nd2 Bf8 32. Bxf8 Kxf8 33. Nc4 Nxb2 34. Na3 Ke7 35. Kf1 Kd6 36. Ke2 Kc5 37. Kd2 Nc4+ 38. Nxc4 Kxc4 39. Kc2 a3 40. f3 f5 41. g4 e4 42. gxf5 gxf5 43. fxe4 fxe4 44. h4 e3 45. h5 e2 46. h6 a2 0-1

[Event "Cali Region-ch U14 Girls"]
[Site "Cali"]
[Date "2012.03.10"]
[Round "4.2"]
[White "Mesa, Brenda Sofia"]
[Black "Rodriguez, Sofia"]
[Result "1/2-1/2"]
[WhiteElo "1800"]
[BlackElo "1810"]
[PlyCount "65"]
[EventDate "2012.03.09"]
[EventType "swiss"]
[EventRounds "7"]
[EventCountry "COL"]
[SourceTitle "EXT 2024"]
[Source "ChessBase"]
[SourceDate "2023.10.10"]
[SourceVersion "1"]
[SourceVersionDate "2023.10.10"]
[SourceQuality "1"]

1. e4 c5 2. Nf3 d6 3. d4 cxd4 4. Nxd4 Nf6 5. Nc3 a6 6. f4 e5 7. Nf5 Nxe4 8. Nxg7+ Bxg7 9. Nxe4 d5 10. Nc3 Be6 11. fxe5 Nc6 12. Bf4 Nxe5 13. Qd2 Nc4 14. Bxc4 dxc4 15. 0-0-0 Qxd2+ 16. Bxd2 0-0-0 17. h3 Kb8 18. Bf4+ Ka8 19. Ne4 Rd4 20. Rxd4 Bxd4 21. c3 Bb6 22. Rd1 Rd8 23. g4 Rxd1+ 24. Kxd1 Bd8 25. Ng5 Bxg5 26. Bxg5 Kb8 27. Kd2 Kc7 28. Ke3 Kc6 29. Kd4 b5 30. Bf6 Kd6 31. Be5+ Kc6 32. Bf6 Kd6 33. Be5+ 1/2-1/2

[Event "Cali Region-ch U16 Girls"]
[Site "Cali"]
[Date "2011.12.05"]
[Round "4.3"]
[White "Mesa, Brenda Sofia"]
[Black "Zamora, Isabela"]
[Result "0-1"]
[WhiteElo "1806"]
[BlackElo "1854"]
[PlyCount "50"]
[EventDate "2011.12.04"]
[EventType "swiss"]
[EventRounds "7"]
[EventCountry "COL"]
[SourceTitle "EXT 2024"]
[Source "ChessBase"]
[SourceDate "2023.10.10"]
[SourceVersion "1"]
[SourceVersionDate "2023.10.10"]
[SourceQuality "1"]

1. e4 c5 2. Nf3 d6 3. d4 cxd4 4. Nxd4 Nf6 5. Nc3 a6 6. f4 b5 7. a3 Bb7 8. Bd3 e6 9. Be3 Be7 10. 0-0 Nbd7 11. Nb3 0-0 12. Qe2 Rc8 13. Rad1 Nb6 14. e5 Nfd5 15. Nxd5 Nxd5 16. Bd2 Qb6+ 17. Kh1 dxe5 18. fxe5 b4 19. axb4 Nxb4 20. Be3 Qc7 21. c3 Nxd3 22. Qxd3 Rcd8 23. Bd4 Bxg2+ 24. Kxg2 Qb7+ 25. Kg1 Qxb3 0-1

[Event "Pan American-ch U12 Girls"]
[Site "Cali"]
[Date "2011.07.08"]
[Round "9"]
[White "Mesa, Brenda Sofia"]
[Black "Castillo Martinez, Paola"]
[Result "0-1"]
[WhiteElo "1806"]
[BlackElo "1677"]
[PlyCount "94"]
[EventDate "2011.07.03"]
[EventType "swiss"]
[EventRounds "9"]
[EventCountry "COL"]
[SourceTitle "CBM 143 Extra"]
[Source "ChessBase"]
[SourceDate "2011.08.29"]
[SourceVersion "1"]
[SourceVersionDate "2011.08.29"]
[SourceQuality "1"]

1. e4 c5 2. Nf3 Nc6 3. d4 cxd4 4. Nxd4 g6 5. Nc3 Bg7 6. Be3 Nf6 7. Bc4 Qa5 8. 0-0 0-0 9. f3 Qb6 10. Bb5 Nxe4 11. Bxc6 Nxc3 12. bxc3 dxc6 13. Nf5 Qc7 14. Nxg7 Kxg7 15. Qd4+ f6 16. Rad1 e5 17. Qd2 Be6 18. Bh6+ Kg8 19. Bxf8 Kxf8 20. Qd6+ Qxd6 21. Rxd6 Ke7 22. Rfd1 Bd5 23. R6xd5 cxd5 24. Rxd5 Rc8 25. Rd3 Rc4 26. a3 Ra4 27. c4 Rxc4 28. Rb3 b6 29. c3 Kd6 30. Kf2 Kc5 31. Ke3 a5 32. Kd3 b5 33. Rb2 Ra4 34. Ra2 f5 35. Ra1 Kd5 36. Kc2 Kc4 37. g3 b4 38. cxb4 axb4 39. Kb2 bxa3+ 40. Ka2 Ra7 41. Re1 Kd4 42. Ka1 e4 43. fxe4 fxe4 44. Rd1+ Kc3 45. Kb1 a2+ 46. Ka1 e3 47. Re1 Kd2 0-1

[Event "Pan American-ch U12 Girls"]
[Site "Cali"]
[Date "2011.07.07"]
[Round "7"]
[White "Mesa, Brenda Sofia"]
[Black "Viveros Torres, Erica Johana"]
[Result "1-0"]
[WhiteElo "1806"]
[BlackElo "1495"]
[PlyCount "25"]
[EventDate "2011.07.03"]
[EventType "swiss"]
[EventRounds "9"]
[EventCountry "COL"]
[SourceTitle "CBM 143 Extra"]
[Source "ChessBase"]
[SourceDate "2011.08.29"]
[SourceVersion "1"]
[SourceVersionDate "2011.08.29"]
[SourceQuality "1"]

1. e4 e6 2. d3 d5 3. Nd2 Nc6 4. Ngf3 Bc5 5. g3 Nf6 6. Bg2 dxe4 7. dxe4 e5 8. 0-0 0-0 9. Qe2 Bg4 10. h3 Be6 11. Qb5 Bd6 12. Qxb7 a6 13. Qxc6 1-0

[Event "COL-ch U12 Girls"]
[Site "Cali"]
[Date "2011.05.25"]
[Round "8.1"]
[White "Mesa, Brenda Sofia"]
[Black "Castro, Alison Gisell"]
[Result "1-0"]
[WhiteElo "1812"]
[BlackElo "1537"]
[PlyCount "36"]
[EventDate "2011.05.25"]
[EventType "tourn"]
[EventRounds "9"]
[EventCountry "COL"]
[SourceTitle "EXT 2024"]
[Source "ChessBase"]
[SourceDate "2023.10.10"]
[SourceVersion "1"]
[SourceVersionDate "2023.10.10"]
[SourceQuality "1"]

1. e4 c5 2. Nf3 d6 3. d4 cxd4 4. Nxd4 Nf6 5. Nc3 a6 6. f4 e6 7. Be3 Be7 8. Be2 b5 9. a3 Bb7 10. Bf3 Nc6 11. 0-0 Rc8 12. Qe1 Nxd4 13. Bxd4 d5 14. exd5 Bxd5 15. Bxf6 Bxf6 16. Nxd5 Bxb2 17. Rd1 0-0 18. Ne3 Bxa3 1-0